000 00559nam a2200229Ia 4500
005 20260320202008.0
008 008 262003s9999 xx 000 0 eng d
037 _aEBOOK
040 _aCRL
040 _beng
040 _cCRL
041 _2eng
041 _aeng
084 _qCRL
100 _aMcDowell
245 0 _aAcing the CCNA Exam, Volume 2: Advanced Networking and Security
260 _bIEEE
856 _uhttps://ieeexplore.ieee.org/servlet/opac?bknumber=10745314
942 _cEBOOK
999 _c1724713
_d1724713